000 00739cab a2200205 4500
001 WB2822-63
008 090401t1992 xxu||||| |||| 00| 0 eng d
035 _a(Sirsi) u26778
041 _aeng
245 _aQuality assurance
260 _c1992
350 _a0
490 _aCS Monthly : General Practice
_v1(9) June 1992, 6(1)
520 _aReviews the RICS publication "Quality management systems and quality assurance for the professional" which seeks to provide basic information and preliminary guidance on quality assurance for chartered surveyors.
650 _aABOUT RICS-RICS MEMBERS
650 _aQUALITY ASSURANCE
690 _aMANAGEMENT-BUSINESS MANAGEMENT-PROFESSIONAL PRACTICE
942 _n0
948 _c04/03/1997
999 _c18029
_d18029